Τα θεμέλια της κοινωνιολογικής γνώσης και οι κοινωνίες της νεοτερικότητας : η συμβολή του Max Weber στη σύγχρονη κοινωνιολογία της γνώσης
Αποθηκεύτηκε σε:
| Κύριος συγγραφέας: | |
|---|---|
| Μορφή: | Βιβλίο |
| Γλώσσα: | Greek |
| Δημοσίευση: |
Αθήνα :
Εκδόσης Κριτική,
2003
|
| Σειρά: | Επιστημονική βιβλιοθήκη (Κριτική)
|
| Θέματα: | |
| Ετικέτες: |
Προσθήκη ετικέτας
Δεν υπάρχουν, Καταχωρήστε ετικέτα πρώτοι!
|
MARC
| LEADER | 00000cam a2200000 i 4500 | ||
|---|---|---|---|
| 001 | 1/50038 | ||
| 008 | 040304s2003 gr | ||| |||| ||gre|| | ||
| 020 | |a 960218308X | ||
| 035 | |l 10072514 | ||
| 040 | |a GR-MY-UA |b gre |e aacr | ||
| 041 | 0 | |a gre | |
| 082 | 0 | |a 301.01 |2 (22) | |
| 100 | 1 | |a Ναγόπουλος, Νίκος. | |
| 245 | 1 | 3 | |a Τα θεμέλια της κοινωνιολογικής γνώσης και οι κοινωνίες της νεοτερικότητας : |b η συμβολή του Max Weber στη σύγχρονη κοινωνιολογία της γνώσης / |c Νίκος Ναγόπουλος |
| 260 | |a Αθήνα : |b Εκδόσης Κριτική, |c 2003 | ||
| 300 | |a 309 σ.; |c 21 εκ. | ||
| 490 | 1 | |a Επιστημονική βιβλιοθήκη | |
| 504 | |a Περιέχει βιβλιογραφικές παραπομπές | ||
| 600 | 1 | 0 | |a Weber, Max, |d 1864-1920. |
| 650 | 0 | 0 | |a Knowledge, Sociology of. |
| 830 | 0 | |a Επιστημονική βιβλιοθήκη (Κριτική) | |
| 852 | |a INST |b LESVOS |e 20040304 |h 301.01 ΝΑΓ |p 005100030873 |q 005100030873 |t BK |y 0 | ||
| 852 | |a INST |b LESVOS |e 20081125 |h 301.01 ΝΑΓ |p 005100044213 |q 005100044213 |t BK |y 0 | ||
| 852 | |a INST |b LESVOS |e 20081119 |h 301.01 ΝΑΓ |p 005100044256 |q 005100044256 |t BK |y 0 | ||
| 852 | |a INST |b LESVOS |e 20100511 |h 301.01 ΝΑΓ |p 005100047258 |q 005100047258 |t BK |y 0 | ||
| 852 | |a INST |b LESVOS |e 20110329 |h 301.01 ΝΑΓ |p 005100049191 |q 005100049191 |t BK |y 0 | ||
| 852 | |a INST |b LESVOS |e 20110329 |h 301.01 ΝΑΓ |p 005100049192 |q 005100049192 |t BK |y 0 | ||
| 852 | |a INST |b LESVOS |e 20110329 |h 301.01 ΝΑΓ |p 005100049193 |q 005100049193 |t BK |y 0 | ||
| 852 | |a INST |b LESVOS |e 20111213 |h 301.01 ΝΑΓ |p 005100050878 |q 005100050878 |t BK |y 0 | ||
| 901 | |a BIBL1-2004-1 | ||
| 901 | |a BIBL1-2011-1 | ||
| 909 | |a Λ |b 105440 | ||
| 909 | |a Λ |b 173240 | ||
| 909 | |a Λ |b 141071 | ||
| 909 | |a Λ |b 141114 | ||
| 909 | |a Λ |b 163252 | ||
| 909 | |a Λ |b 167767 | ||
| 909 | |a Λ |b 167765 | ||
| 909 | |a Λ |b 167766 | ||
| 920 | |a ΕΥΔΟΞΟΣ |y Λέσβος |z 2011-12 | ||
| 970 | |a ΤΖΑΦΕΡΗ |b ΕΥΑΓΓΕΛΙΑ |z 2004/03/04 | ||